Online katalóg knižníc regiónu Turca

Dokážeš všetko, čo chceš (Record no. 22845)

MARC details
000 -LEADER
fixed length control field 01105cam a2200337 a 4500
001 - CONTROL NUMBER
control field 22845
003 - CONTROL NUMBER IDENTIFIER
control field SK-KTurca
005 - DATE AND TIME OF LATEST TRANSACTION
control field 20260429131228.0
008 - FIXED-LENGTH DATA ELEMENTS--GENERAL INFORMATION
fixed length control field 240315s2001 xo r 00000 slo
015 ## - NATIONAL BIBLIOGRAPHY NUMBER
National bibliography number SNBA2001/11-03776
020 ## - INTERNATIONAL STANDARD BOOK NUMBER
International Standard Book Number 8088915694
035 ## - SYSTEM CONTROL NUMBER
System control number SNK000375518
035 ## - SYSTEM CONTROL NUMBER
System control number urn:nbn:sk:snk-amjd33
035 ## - SYSTEM CONTROL NUMBER
System control number urn:nbn:sk:snk-am003e6o
035 ## - SYSTEM CONTROL NUMBER
System control number 31FB7245-2952-4237-8BB2-AE13261A1BF7
040 ## - CATALOGING SOURCE
Original cataloging agency SNK
Language of cataloging slo
Transcribing agency SNK
Description conventions AACR2
041 1# - LANGUAGE CODE
Language code of text/sound track or separate title slo
Language code of original ger
044 ## - COUNTRY OF PUBLISHING/PRODUCING ENTITY CODE
MARC country code xo
ISO country code SK
080 ## - UNIVERSAL DECIMAL CLASSIFICATION NUMBER
Universal Decimal Classification number 159.913(035)
Edition identifier 1981
100 1# - MAIN ENTRY--PERSONAL NAME
Personal name Lejeune, Erich J.
Relationship aut
240 10 - UNIFORM TITLE
Uniform title Du schaffst, was du willst!
Language of a work Slovensky
245 10 - TITLE STATEMENT
Title Dokážeš všetko, čo chceš
Remainder of title sila je v tebe!
Statement of responsibility, etc. Erich J. Lejeune ; [z nemeckého originálu preložila Monika Sýkorová]
260 ## - PUBLICATION, DISTRIBUTION, ETC.
Place of publication, distribution, etc. [Bratislava]
Name of publisher, distributor, etc. Aktuell
Date of publication, distribution, etc. 2001
300 ## - PHYSICAL DESCRIPTION
Extent 248 s.
Dimensions 20 cm
500 ## - GENERAL NOTE
General note Údaj o prekl. prevzatý z rubu tit. strany
650 07 - SUBJECT ADDED ENTRY--TOPICAL TERM
Topical term or geographic name entry element myslenie pozitívne
General subdivision úspech
-- príručky
Source of heading or term SNK
655 #7 - INDEX TERM--GENRE/FORM
Genre/form data or focus term príručky
Source of term SNK
700 1# - ADDED ENTRY--PERSONAL NAME
Personal name Sýkorová, Monika
Relationship trl
942 ## - ADDED ENTRY ELEMENTS (KOHA)
Source of classification or shelving scheme Dewey Decimal Classification
Koha item type Krásna literatúra pre dospelých
Suppress in OPAC No
Holdings
Stav vyradenia Strata Poškodenie Spôsob nadobudnutia Domovská knižnica Aktuálna knižnica Dátum nadobudnutia Total checkouts Čiarový kód exemplára Date last seen Typ exemplára
      Dar Obecná knižnica Turčianska Štiavnička Obecná knižnica Turčianska Štiavnička 29.04.2026   4738001106 29.04.2026 Krásna literatúra pre dospelých
Projekt je podporený Slovenskou asociáciou knižníc
Prevádzkuje Turčianska knižnica Martin 2026